[Event "ODJM A 2025"]
[Site "Willingen GER"]
[Date "2025.06.08"]
[Round "2"]
[White "Pimenov, Danil"]
[Black "Kraus, Linus"]
[Result "0-1"]
[Termination "normal"]
[Board "35"]
[WhiteElo "1945"]
[BlackElo "1886"]
[WhiteClock "00:06:32"]
[BlackClock "00:03:18"]
[PlyCount "78"]
[WhiteFideId "34600248"]
[BlackFideId "34629629"]
[EventCountry "GER"]
[EventRounds "9"]
[EventType "swiss"]
[EventDate "2025.06.07"]

1. e4 {[%clk 01:30:56]} {[%emt 00:00:05]} e6 {[%clk 01:30:52]} {[%emt
00:00:07]} 2. d4 {[%clk 01:31:22]} {[%emt 00:00:08]} d5 {[%clk 01:31:17]}
{[%emt 00:00:02]} 3. Nd2 {[%clk 01:31:48]} {[%emt 00:00:05]} dxe4 {[%clk
01:31:45]} {[%emt 00:00:03]} 4. Nxe4 {[%clk 01:32:09]} {[%emt 00:00:08]} Nd7
{[%clk 01:32:08]} {[%emt 00:00:07]} 5. Nf3 {[%clk 01:32:09]} {[%emt 00:00:32]}
Ngf6 {[%clk 01:32:30]} {[%emt 00:00:05]} 6. Nxf6+ {[%clk 01:32:33]} {[%emt
00:00:06]} Nxf6 {[%clk 01:32:53]} {[%emt 00:00:07]} 7. Bd3 {[%clk 01:32:21]}
{[%emt 00:00:43]} c5 {[%clk 01:33:11]} {[%emt 00:00:11]} 8. O-O {[%clk
01:31:08]} {[%emt 00:01:43]} cxd4 {[%clk 01:33:33]} {[%emt 00:00:08]} 9. Nxd4
{[%clk 01:31:28]} {[%emt 00:00:09]} Bc5 {[%clk 01:33:55]} {[%emt 00:00:08]} 10.
Nf3 {[%clk 01:31:37]} {[%emt 00:00:22]} O-O {[%clk 01:34:00]} {[%emt 00:00:24]}
11. Bg5 {[%clk 01:31:34]} {[%emt 00:00:34]} b6 {[%clk 01:34:16]} {[%emt
00:00:15]} 12. Qe2 {[%clk 01:30:27]} {[%emt 00:01:36]} Bb7 {[%clk 01:34:36]}
{[%emt 00:00:10]} 13. Rad1 {[%clk 01:29:24]} {[%emt 00:01:34]} Qc7 {[%clk
01:34:51]} {[%emt 00:00:14]} 14. c3 {[%clk 01:22:09]} {[%emt 00:07:45]} Rfd8
{[%clk 01:31:30]} {[%emt 00:03:51]} 15. Ne5 {[%clk 01:18:03]} {[%emt 00:04:36]}
Rd5 {[%clk 01:29:24]} {[%emt 00:02:36]} 16. Rde1 {[%clk 01:08:27]} {[%emt
00:10:06]} Rad8 {[%clk 01:19:28]} {[%emt 00:10:25]} 17. Bc4 {[%clk 01:07:44]}
{[%emt 00:01:14]} Rxe5 {[%clk 00:29:57]} {[%emt 00:50:01]} 18. Qxe5 {[%clk
01:07:39]} {[%emt 00:00:34]} Bd6 {[%clk 00:26:18]} {[%emt 00:04:09]} 19. Qe2
{[%clk 01:05:50]} {[%emt 00:02:18]} Bxh2+ {[%emt 00:04:50]} 20. Kh1 {[%clk
01:06:11]} {[%emt 00:00:06]} Bf4 {[%clk 00:20:24]} {[%emt 00:02:05]} 21. Bxf6
{[%clk 01:05:09]} {[%emt 00:01:35]} gxf6 {[%clk 00:18:25]} {[%emt 00:02:29]}
22. Rd1 {[%clk 01:03:33]} {[%emt 00:02:06]} Bd6 {[%clk 00:14:30]} {[%emt
00:04:25]} 23. Rd4 {[%clk 00:56:05]} {[%emt 00:07:57]} Qc6 {[%clk 00:12:22]}
{[%emt 00:02:39]} 24. f3 {[%clk 00:54:42]} {[%emt 00:01:53]} Qc5 {[%clk
00:10:57]} {[%emt 00:01:55]} 25. Rh4 {[%clk 00:45:00]} {[%emt 00:10:10]} Kh8
{[%clk 00:07:30]} {[%emt 00:03:59]} 26. Qd2 {[%clk 00:36:33]} {[%emt 00:08:57]}
Rg8 {[%clk 00:01:53]} {[%emt 00:06:07]} 27. Bd3 {[%clk 00:34:07]} {[%emt
00:02:55]} f5 {[%clk 00:01:56]} {[%emt 00:00:28]} 28. Qh6 {[%clk 00:29:49]}
{[%emt 00:04:48]} Rg7 {[%clk 00:02:21]} {[%emt 00:00:05]} 29. Rd4 {[%clk
00:19:43]} {[%emt 00:10:35]} Rg6 {[%clk 00:01:17]} {[%emt 00:01:36]} 30. Qh4
{[%clk 00:19:36]} {[%emt 00:00:35]} Kg7 {[%clk 00:01:07]} {[%emt 00:00:41]} 31.
Qh3 {[%clk 00:18:46]} {[%emt 00:01:20]} Bg3 {[%clk 00:01:14]} {[%emt 00:00:23]}
32. Rd7 {[%clk 00:12:59]} {[%emt 00:06:17]} Qe3 {[%clk 00:01:00]} {[%emt
00:00:43]} 33. Rxf7+ {[%clk 00:06:22]} {[%emt 00:07:07]} Kxf7 {[%clk 00:01:26]}
{[%emt 00:00:05]} 34. Qxh7+ {[%clk 00:06:46]} {[%emt 00:00:05]} Rg7 {[%clk
00:01:45]} {[%emt 00:00:12]} 35. Qh5+ {[%clk 00:07:06]} {[%emt 00:00:10]} Kf6
{[%clk 00:02:10]} {[%emt 00:00:05]} 36. Rd1 {[%clk 00:06:15]} {[%emt 00:01:22]}
Qg5 {[%clk 00:02:20]} {[%emt 00:00:19]} 37. Qh8 {[%clk 00:06:17]} {[%emt
00:00:29]} Qh4+ {[%clk 00:02:34]} {[%emt 00:00:16]} 38. Qxh4+ {[%clk 00:06:41]}
{[%emt 00:00:05]} Bxh4 {[%clk 00:03:02]} {[%emt 00:00:03]} 39. Bc4 {[%clk
00:06:32]} {[%emt 00:00:38]} Bf2 {[%clk 00:03:18]} {[%emt 00:00:14]} 0-1

[Event "ODJM A 2025"]
[Site "Willingen GER"]
[Date "2025.06.08"]
[Round "2"]
[White "Schuricht, Paul Alexander"]
[Black "Schilling, Rumo"]
[Result "1/2-1/2"]
[Termination "normal"]
[Board "36"]
[WhiteElo "1920"]
[BlackElo "1852"]
[WhiteClock "00:02:47"]
[BlackClock "00:14:03"]
[PlyCount "51"]
[WhiteFideId "16270177"]
[BlackFideId "16283139"]
[EventCountry "GER"]
[EventRounds "9"]
[EventType "swiss"]
[EventDate "2025.06.07"]

1. d4 {[%clk 01:30:56]} {[%emt 00:00:04]} d5 {[%clk 01:30:57]} {[%emt
00:00:03]} 2. c4 {[%clk 01:31:19]} {[%emt 00:00:12]} dxc4 {[%clk 01:31:24]}
{[%emt 00:00:01]} 3. Nf3 {[%clk 01:31:40]} {[%emt 00:00:06]} Nf6 {[%clk
01:29:53]} {[%emt 00:02:02]} 4. e3 {[%clk 01:31:35]} {[%emt 00:00:34]} b5
{[%clk 01:27:43]} {[%emt 00:02:41]} 5. b3 {[%clk 01:22:03]} {[%emt 00:10:02]}
cxb3 {[%clk 01:23:17]} {[%emt 00:04:56]} 6. Qxb3 {[%clk 01:17:49]} {[%emt
00:04:43]} c6 {[%clk 01:13:26]} {[%emt 00:10:22]} 7. a4 {[%clk 01:11:38]}
{[%emt 00:06:40]} b4 {[%clk 01:05:09]} {[%emt 00:08:48]} 8. Qxb4 {[%clk
01:06:34]} {[%emt 00:05:34]} e6 {[%clk 01:02:10]} {[%emt 00:03:30]} 9. Qb3
{[%clk 01:05:50]} {[%emt 00:01:13]} Qb6 {[%clk 01:01:38]} {[%emt 00:01:01]} 10.
Nbd2 {[%clk 01:02:36]} {[%emt 00:03:44]} Ba6 {[%clk 00:55:21]} {[%emt
00:06:48]} 11. Ba3 {[%clk 00:44:18]} {[%emt 00:18:47]} Bxf1 {[%clk 00:52:33]}
{[%emt 00:03:19]} 12. Rxf1 {[%clk 00:41:41]} {[%emt 00:03:06]} Nbd7 {[%clk
00:50:37]} {[%emt 00:02:27]} 13. Bxf8 {[%clk 00:39:58]} {[%emt 00:02:12]} Rxf8
{[%clk 00:48:16]} {[%emt 00:02:51]} 14. Ke2 {[%clk 00:38:24]} {[%emt 00:02:04]}
Rb8 {[%clk 00:31:47]} {[%emt 00:17:00]} 15. Qc4 {[%clk 00:24:36]} {[%emt
00:14:18]} Ke7 {[%clk 00:29:11]} {[%emt 00:03:06]} 16. Rab1 {[%clk 00:21:34]}
{[%emt 00:03:31]} Qc7 {[%clk 00:29:33]} {[%emt 00:00:06]} 17. Rfc1 {[%clk
00:21:34]} {[%emt 00:00:31]} Rfc8 {[%clk 00:25:49]} {[%emt 00:04:16]} 18. Rxb8
{[%clk 00:17:14]} {[%emt 00:04:50]} Qxb8 {[%clk 00:26:13]} {[%emt 00:00:05]}
19. Qa6 {[%clk 00:15:52]} {[%emt 00:01:53]} Qc7 {[%clk 00:25:32]} {[%emt
00:01:11]} 20. Qc4 {[%clk 00:09:37]} {[%emt 00:06:44]} Qb6 {[%clk 00:18:52]}
{[%emt 00:07:11]} 21. Rb1 {[%clk 00:08:49]} {[%emt 00:01:17]} Qc7 {[%clk
00:19:16]} {[%emt 00:00:07]} 22. Qb4+ {[%clk 00:07:17]} {[%emt 00:02:02]} c5
{[%clk 00:15:41]} {[%emt 00:04:04]} 23. dxc5 {[%clk 00:04:39]} {[%emt
00:03:08]} Qxc5 {[%clk 00:15:45]} {[%emt 00:00:26]} 24. Qxc5+ {[%clk 00:04:38]}
{[%emt 00:00:31]} Rxc5 {[%clk 00:13:54]} {[%emt 00:02:22]} 25. Rb7 {[%clk
00:04:41]} {[%emt 00:00:26]} Ra5 {[%clk 00:14:03]} {[%emt 00:00:20]} 26. Nd4
{[%clk 00:02:47]} {[%emt 00:02:25]} 1/2-1/2

[Event "ODJM A 2025"]
[Site "Willingen GER"]
[Date "2025.06.08"]
[Round "2"]
[White "Heilig, Tim Markus"]
[Black "Grunert, Wilhelm"]
[Result "0-1"]
[Termination "normal"]
[Board "37"]
[WhiteElo "1926"]
[BlackElo "1892"]
[WhiteClock "00:02:08"]
[BlackClock "00:08:37"]
[PlyCount "74"]
[WhiteFideId "16295935"]
[BlackFideId "12995673"]
[EventCountry "GER"]
[EventRounds "9"]
[EventType "swiss"]
[EventDate "2025.06.07"]

1. Nc3 {[%clk 01:30:56]} {[%emt 00:00:04]} c5 {[%clk 01:29:32]} {[%emt
00:01:28]} 2. Nf3 {[%clk 01:31:16]} {[%emt 00:00:09]} Nc6 {[%clk 01:29:51]}
{[%emt 00:00:12]} 3. d4 {[%clk 01:31:01]} {[%emt 00:00:44]} cxd4 {[%clk
01:30:09]} {[%emt 00:00:13]} 4. Nxd4 {[%clk 01:31:23]} {[%emt 00:00:08]} Nf6
{[%clk 01:30:12]} {[%emt 00:00:27]} 5. g3 {[%clk 01:28:29]} {[%emt 00:03:23]}
g6 {[%clk 01:28:45]} {[%emt 00:01:57]} 6. Bg2 {[%clk 01:28:12]} {[%emt
00:00:47]} Bg7 {[%clk 01:29:00]} {[%emt 00:00:16]} 7. O-O {[%clk 01:27:19]}
{[%emt 00:01:22]} O-O {[%clk 01:27:32]} {[%emt 00:01:59]} 8. e4 {[%clk
01:23:30]} {[%emt 00:04:18]} Nxe4 {[%clk 01:20:43]} {[%emt 00:07:19]} 9. Nxc6
{[%clk 01:17:48]} {[%emt 00:06:12]} Nxc3 {[%clk 01:20:58]} {[%emt 00:00:15]}
10. Nxd8 {[%clk 01:08:40]} {[%emt 00:09:38]} Nxd1 {[%clk 01:21:21]} {[%emt
00:00:08]} 11. Nxb7 {[%clk 01:03:14]} {[%emt 00:05:56]} Bxb7 {[%clk 01:04:44]}
{[%emt 00:17:08]} 12. Rxd1 {[%clk 00:54:04]} {[%emt 00:09:39]} Bxg2 {[%clk
01:04:11]} {[%emt 00:01:03]} 13. Kxg2 {[%clk 00:54:18]} {[%emt 00:00:15]} d6
{[%clk 01:00:26]} {[%emt 00:04:16]} 14. Bg5 {[%clk 00:49:53]} {[%emt 00:04:54]}
Bxb2 {[%clk 00:51:57]} {[%emt 00:09:00]} 15. Rab1 {[%clk 00:33:13]} {[%emt
00:17:09]} f6 {[%clk 00:49:02]} {[%emt 00:03:25]} 16. Be3 {[%clk 00:33:02]}
{[%emt 00:00:42]} Rfb8 {[%clk 00:42:56]} {[%emt 00:06:36]} 17. Rd5 {[%clk
00:28:50]} {[%emt 00:04:41]} Bc3 {[%clk 00:38:02]} {[%emt 00:05:23]} 18. Rdb5
{[%clk 00:27:31]} {[%emt 00:01:50]} Rxb5 {[%clk 00:37:11]} {[%emt 00:01:22]}
19. Rxb5 {[%clk 00:27:53]} {[%emt 00:00:07]} a6 {[%clk 00:28:38]} {[%emt
00:09:04]} 20. Rb7 {[%clk 00:25:04]} {[%emt 00:03:19]} Kf7 {[%clk 00:28:20]}
{[%emt 00:00:48]} 21. a4 {[%clk 00:22:39]} {[%emt 00:02:54]} Ba5 {[%clk
00:24:51]} {[%emt 00:03:59]} 22. Kf3 {[%clk 00:18:35]} {[%emt 00:04:33]} Rc8
{[%clk 00:23:16]} {[%emt 00:02:07]} 23. Ra7 {[%clk 00:18:09]} {[%emt 00:00:56]}
Rc6 {[%clk 00:23:22]} {[%emt 00:00:23]} 24. Ke4 {[%clk 00:14:52]} {[%emt
00:03:46]} Ke6 {[%clk 00:23:27]} {[%emt 00:00:25]} 25. g4 {[%clk 00:13:48]}
{[%emt 00:01:34]} d5+ {[%clk 00:21:37]} {[%emt 00:02:21]} 26. Kf3 {[%clk
00:12:48]} {[%emt 00:01:30]} Kd6 {[%clk 00:20:28]} {[%emt 00:01:40]} 27. g5
{[%clk 00:11:56]} {[%emt 00:01:21]} f5 {[%clk 00:19:13]} {[%emt 00:01:45]} 28.
Ra8 {[%clk 00:12:07]} {[%emt 00:00:19]} e5 {[%clk 00:17:49]} {[%emt 00:01:54]}
29. Rf8 {[%clk 00:10:22]} {[%emt 00:02:14]} d4 {[%clk 00:15:00]} {[%emt
00:03:20]} 30. Bc1 {[%clk 00:09:25]} {[%emt 00:01:28]} Bb4 {[%clk 00:13:49]}
{[%emt 00:01:41]} 31. Rf6+ {[%clk 00:07:48]} {[%emt 00:02:06]} Kd5 {[%clk
00:13:14]} {[%emt 00:01:06]} 32. Rxc6 {[%clk 00:07:37]} {[%emt 00:00:40]} Kxc6
{[%clk 00:13:37]} {[%emt 00:00:07]} 33. Ke2 {[%clk 00:06:20]} {[%emt 00:01:46]}
Kc5 {[%clk 00:11:30]} {[%emt 00:02:38]} 34. f3 {[%clk 00:05:12]} {[%emt
00:01:38]} Kc4 {[%clk 00:11:26]} {[%emt 00:00:35]} 35. Bb2 {[%clk 00:05:17]}
{[%emt 00:00:24]} e4 {[%clk 00:09:41]} {[%emt 00:02:14]} 36. h3 {[%clk
00:03:05]} {[%emt 00:02:43]} d3+ {[%clk 00:08:55]} {[%emt 00:01:16]} 37. Kd1
{[%clk 00:02:08]} {[%emt 00:01:27]} exf3 {[%clk 00:08:37]} {[%emt 00:00:49]}
0-1

[Event "ODJM A 2025"]
[Site "Willingen GER"]
[Date "2025.06.08"]
[Round "2"]
[White "Tiedemann, Fin Niklas"]
[Black "Tulchynsky, Mark"]
[Result "1-0"]
[Termination "normal"]
[Board "38"]
[WhiteElo "1938"]
[BlackElo "1810"]
[WhiteClock "00:23:38"]
[BlackClock "00:38:38"]
[PlyCount "41"]
[WhiteFideId "12936936"]
[BlackFideId "34617698"]
[EventCountry "GER"]
[EventRounds "9"]
[EventType "swiss"]
[EventDate "2025.06.07"]

1. e4 {[%clk 01:30:57]} {[%emt 00:00:03]} c6 {[%clk 01:30:55]} {[%emt
00:00:06]} 2. d4 {[%clk 01:30:42]} {[%emt 00:00:45]} d5 {[%clk 01:31:19]}
{[%emt 00:00:06]} 3. f3 {[%clk 01:30:37]} {[%emt 00:00:35]} Qb6 {[%clk
01:31:13]} {[%emt 00:00:35]} 4. Nc3 {[%clk 01:30:38]} {[%emt 00:00:29]} dxe4
{[%clk 01:31:34]} {[%emt 00:00:09]} 5. fxe4 {[%clk 01:30:55]} {[%emt 00:00:13]}
e5 {[%clk 01:31:58]} {[%emt 00:00:05]} 6. Nf3 {[%clk 01:28:32]} {[%emt
00:02:52]} Bg4 {[%clk 01:30:48]} {[%emt 00:01:41]} 7. Bc4 {[%clk 01:24:24]}
{[%emt 00:04:38]} Bh5 {[%clk 01:11:28]} {[%emt 00:19:50]} 8. dxe5 {[%clk
01:17:34]} {[%emt 00:07:21]} Bc5 {[%clk 01:10:31]} {[%emt 00:01:26]} 9. Qd3
{[%clk 01:02:46]} {[%emt 00:15:17]} Ne7 {[%clk 01:05:15]} {[%emt 00:05:46]} 10.
Bg5 {[%clk 00:56:33]} {[%emt 00:06:43]} Na6 {[%clk 01:00:55]} {[%emt 00:04:51]}
11. O-O-O {[%clk 00:55:33]} {[%emt 00:01:30]} O-O {[%clk 00:53:25]} {[%emt
00:07:59]} 12. Na4 {[%clk 00:53:33]} {[%emt 00:02:31]} Qa5 {[%clk 00:52:27]}
{[%emt 00:01:29]} 13. Nxc5 {[%clk 00:43:35]} {[%emt 00:10:27]} Nxc5 {[%clk
00:50:29]} {[%emt 00:02:29]} 14. Qe3 {[%clk 00:39:11]} {[%emt 00:04:53]} Rae8
{[%clk 00:47:10]} {[%emt 00:03:49]} 15. a3 {[%clk 00:37:11]} {[%emt 00:02:30]}
Qb6 {[%clk 00:44:25]} {[%emt 00:03:15]} 16. Bxe7 {[%clk 00:29:30]} {[%emt
00:08:11]} Rxe7 {[%clk 00:44:52]} {[%emt 00:00:03]} 17. Qg5 {[%clk 00:29:52]}
{[%emt 00:00:08]} Bxf3 {[%clk 00:43:56]} {[%emt 00:01:27]} 18. gxf3 {[%clk
00:30:16]} {[%emt 00:00:06]} Qc7 {[%clk 00:43:53]} {[%emt 00:00:32]} 19. Rd6
{[%clk 00:28:08]} {[%emt 00:02:38]} b5 {[%clk 00:38:23]} {[%emt 00:06:00]} 20.
Rg1 {[%clk 00:23:17]} {[%emt 00:05:20]} g6 {[%clk 00:38:38]} {[%emt 00:00:16]}
21. Rxg6+ {[%clk 00:23:38]} {[%emt 00:00:09]} 1-0

[Event "ODJM A 2025"]
[Site "Willingen GER"]
[Date "2025.06.09"]
[Round "3"]
[White "Winkler, Yonathan"]
[Black "Kololli, Martin"]
[Result "0-1"]
[Termination "normal"]
[Board "1"]
[BlackTitle "FM"]
[WhiteElo "2201"]
[BlackElo "2311"]
[WhiteClock "00:32:44"]
[BlackClock "00:28:50"]
[PlyCount "54"]
[WhiteFideId "16266080"]
[BlackFideId "12936910"]
[EventCountry "GER"]
[EventRounds "9"]
[EventType "swiss"]
[EventDate "2025.06.07"]

1. e4 {[%clk 01:30:57]} e5 {[%clk 01:30:55]} {[%emt 00:00:09]} 2. Nf3 {[%clk
01:31:19]} {[%emt 00:00:04]} Nc6 {[%clk 01:31:21]} {[%emt 00:00:03]} 3. Bb5
{[%clk 01:31:40]} {[%emt 00:00:09]} a6 {[%clk 01:31:34]} {[%emt 00:00:19]} 4.
Ba4 {[%clk 01:32:03]} {[%emt 00:00:06]} Nf6 {[%clk 01:31:40]} {[%emt 00:00:24]}
5. d3 {[%clk 01:32:26]} {[%emt 00:00:06]} b5 {[%clk 01:30:57]} {[%emt
00:01:15]} 6. Bb3 {[%clk 01:32:47]} {[%emt 00:00:08]} Be7 {[%clk 01:30:25]}
{[%emt 00:01:02]} 7. c3 {[%clk 01:32:34]} {[%emt 00:00:42]} d6 {[%clk
01:29:40]} {[%emt 00:01:16]} 8. O-O {[%clk 01:32:35]} {[%emt 00:00:27]} O-O
{[%clk 01:29:35]} {[%emt 00:00:36]} 9. Re1 {[%clk 01:32:47]} {[%emt 00:00:18]}
Na5 {[%clk 01:25:02]} {[%emt 00:05:05]} 10. Bc2 {[%clk 01:33:02]} {[%emt
00:00:13]} c5 {[%clk 01:25:13]} {[%emt 00:00:20]} 11. Nbd2 {[%clk 01:33:05]}
{[%emt 00:00:26]} Re8 {[%clk 01:23:20]} {[%emt 00:02:23]} 12. Nf1 {[%clk
01:31:09]} {[%emt 00:02:25]} Bf8 {[%clk 01:21:44]} {[%emt 00:02:08]} 13. Ng3
{[%clk 01:28:44]} {[%emt 00:02:54]} g6 {[%clk 01:17:11]} {[%emt 00:05:03]} 14.
h3 {[%clk 01:26:09]} {[%emt 00:03:04]} Bg7 {[%clk 01:16:35]} {[%emt 00:01:08]}
15. d4 {[%clk 01:22:57]} {[%emt 00:03:42]} exd4 {[%clk 01:09:18]} {[%emt
00:07:47]} 16. cxd4 {[%clk 01:23:13]} {[%emt 00:00:13]} cxd4 {[%clk 01:06:38]}
{[%emt 00:03:10]} 17. Nxd4 {[%clk 01:20:20]} {[%emt 00:03:22]} Bb7 {[%clk
01:05:48]} {[%emt 00:01:21]} 18. f3 {[%clk 01:11:52]} {[%emt 00:08:58]} Qc7
{[%clk 00:55:33]} {[%emt 00:10:47]} 19. Bf4 {[%clk 01:03:22]} {[%emt 00:08:57]}
Qc5 {[%clk 00:49:27]} {[%emt 00:06:38]} 20. Be3 {[%clk 01:00:08]} {[%emt
00:03:43]} Nc4 {[%clk 00:44:08]} {[%emt 00:05:49]} 21. Bf2 {[%clk 00:59:03]}
{[%emt 00:01:35]} Nxb2 {[%clk 00:32:26]} {[%emt 00:12:12]} 22. Qc1 {[%clk
00:55:28]} {[%emt 00:04:05]} Ng4 {[%clk 00:31:35]} {[%emt 00:01:22]} 23. Qxb2
{[%clk 00:51:09]} {[%emt 00:04:48]} Nxf2 {[%clk 00:31:56]} {[%emt 00:00:09]}
24. Nge2 {[%clk 00:51:36]} {[%emt 00:00:03]} Nxe4 {[%clk 00:29:16]} {[%emt
00:03:11]} 25. fxe4 {[%clk 00:34:23]} {[%emt 00:17:43]} Bxe4 {[%clk 00:29:34]}
{[%emt 00:00:12]} 26. Red1 {[%clk 00:34:22]} {[%emt 00:00:30]} Bxc2 {[%clk
00:28:47]} {[%emt 00:01:17]} 27. Rac1 {[%clk 00:32:44]} {[%emt 00:02:08]} Rxe2
{[%clk 00:28:50]} {[%emt 00:00:19]} 0-1

[Event "ODJM A 2025"]
[Site "Willingen GER"]
[Date "2025.06.09"]
[Round "3"]
[White "Longo, Massimo"]
[Black "Lutze, Max"]
[Result "0-1"]
[Termination "normal"]
[Board "2"]
[WhiteElo "2081"]
[BlackElo "2177"]
[WhiteClock "00:04:15"]
[BlackClock "00:04:00"]
[PlyCount "60"]
[WhiteFideId "16205227"]
[BlackFideId "34614850"]
[EventCountry "GER"]
[EventRounds "9"]
[EventType "swiss"]
[EventDate "2025.06.07"]

1. d4 {[%clk 01:30:58]} {[%emt 00:00:01]} Nf6 {[%clk 01:30:55]} {[%emt
00:00:10]} 2. Nf3 {[%clk 01:31:23]} {[%emt 00:00:01]} g6 {[%clk 01:31:16]}
{[%emt 00:00:05]} 3. e3 {[%clk 01:31:48]} {[%emt 00:00:05]} Bg7 {[%clk
01:31:42]} {[%emt 00:00:06]} 4. b4 {[%clk 01:32:13]} {[%emt 00:00:04]} d6
{[%clk 01:24:20]} {[%emt 00:07:52]} 5. Be2 {[%clk 01:32:23]} {[%emt 00:00:19]}
O-O {[%clk 01:23:50]} {[%emt 00:01:00]} 6. O-O {[%clk 01:32:01]} {[%emt
00:00:53]} c5 {[%clk 01:17:56]} {[%emt 00:06:24]} 7. c3 {[%clk 01:31:54]}
{[%emt 00:00:36]} cxb4 {[%clk 01:10:11]} {[%emt 00:08:15]} 8. cxb4 {[%clk
01:32:16]} {[%emt 00:00:08]} Qb6 {[%clk 01:10:02]} {[%emt 00:00:39]} 9. Na3
{[%clk 01:19:18]} {[%emt 00:13:30]} Be6 {[%clk 00:58:46]} {[%emt 00:11:45]} 10.
Bd2 {[%clk 01:10:07]} {[%emt 00:09:40]} Rc8 {[%clk 00:51:38]} {[%emt 00:07:38]}
11. Rc1 {[%clk 01:06:39]} {[%emt 00:03:58]} Rxc1 {[%clk 00:42:07]} {[%emt
00:10:01]} 12. Qxc1 {[%clk 01:05:42]} {[%emt 00:01:28]} Bxa2 {[%clk 00:35:41]}
{[%emt 00:06:55]} 13. Qc8+ {[%clk 00:49:32]} {[%emt 00:16:40]} Bf8 {[%clk
00:36:04]} {[%emt 00:00:07]} 14. d5 {[%clk 00:50:00]} {[%emt 00:00:03]} Bxd5
{[%clk 00:30:25]} {[%emt 00:06:08]} 15. Nd4 {[%clk 00:50:15]} {[%emt 00:00:14]}
Ne4 {[%clk 00:14:27]} {[%emt 00:16:29]} 16. Nab5 {[%clk 00:33:59]} {[%emt
00:16:47]} Nxd2 {[%clk 00:12:36]} {[%emt 00:02:21]} 17. Nc7 {[%clk 00:33:46]}
{[%emt 00:00:43]} Nc6 {[%clk 00:11:53]} {[%emt 00:01:13]} 18. Nxa8 {[%clk
00:31:31]} {[%emt 00:02:45]} Qxb4 {[%clk 00:11:27]} {[%emt 00:00:56]} 19. Nxc6
{[%clk 00:26:59]} {[%emt 00:05:01]} Bxc6 {[%clk 00:10:12]} {[%emt 00:01:45]}
20. Rd1 {[%clk 00:27:23]} {[%emt 00:00:06]} Ne4 {[%clk 00:09:31]} {[%emt
00:01:11]} 21. Bf3 {[%clk 00:22:48]} {[%emt 00:05:05]} Qb3 {[%clk 00:07:16]}
{[%emt 00:02:45]} 22. Nc7 {[%clk 00:14:51]} {[%emt 00:08:27]} Qc2 {[%clk
00:06:15]} {[%emt 00:01:31]} 23. Rf1 {[%clk 00:06:05]} {[%emt 00:09:15]} Qc4
{[%clk 00:06:33]} {[%emt 00:00:13]} 24. Bg4 {[%clk 00:05:10]} {[%emt 00:01:25]}
Nd2 {[%clk 00:04:37]} {[%emt 00:02:27]} 25. Rd1 {[%clk 00:05:33]} {[%emt
00:00:06]} Qe4 {[%clk 00:04:32]} {[%emt 00:00:35]} 26. Bh3 {[%clk 00:05:30]}
{[%emt 00:00:33]} Nf3+ {[%clk 00:04:38]} {[%emt 00:00:24]} 27. Kh1 {[%clk
00:05:44]} {[%emt 00:00:16]} Qe5 {[%clk 00:03:04]} {[%emt 00:02:04]} 28. gxf3
{[%clk 00:04:08]} {[%emt 00:02:07]} Bxf3+ {[%clk 00:03:24]} {[%emt 00:00:08]}
29. Bg2 {[%clk 00:04:35]} {[%emt 00:00:03]} Bxd1 {[%clk 00:03:38]} {[%emt
00:00:18]} 30. Qxb7 {[%clk 00:04:15]} {[%emt 00:00:49]} Qa1 {[%clk 00:04:00]}
{[%emt 00:00:08]} 0-1